Hopf Algebras and Their Actions on Rings /

Salvato in:
Dettagli Bibliografici
Autore principale: Montgomery, Susan
Natura: Sách giấy
Lingua:English
Pubblicazione: Providence, Rhode Island : American Mathematical Society , 1993
Tags: Aggiungi Tag
Nessun Tag, puoi essere il primo ad aggiungerne! !
Thư viện lưu trữ: Thư viện Trường Đại học Đà Lạt
LEADER 00610nam a2200241 4500
001 DLU020011450
005 ##1/13/2000
041 # # |a eng 
082 # # |a 512.55  |b MO-S 
090 # # |a 512.55  |b MO-S 
100 # # |a Montgomery, Susan 
245 # # |a Hopf Algebras and Their Actions on Rings /  |c Montgomery Susan 
260 # # |a Providence, Rhode Island :  |b American Mathematical Society ,  |c 1993 
300 # # |a X, 238 tr.;   |c 25 cm. 
992 # # |a 12000 
994 # # |a DLU 
900 # # |a False 
911 # # |a Administrator 
925 # # |a G 
926 # # |a A 
927 # # |a SH 
980 # # |a Thư viện Trường Đại học Đà Lạt